| 000 | 00533nam a22001937a 4500 | ||
|---|---|---|---|
| 003 | OSt | ||
| 008 | 260504b |||||||| |||| 00| 0 eng d | ||
| 082 |
_a633.15 _bS48S |
||
| 100 | _aSinha, Krishna Kant. | ||
| 245 |
_aStudies on Agronomic Management of Winter Maize-Based Intercropping Systems / _cby Krishna Kant Sinha |
||
| 260 |
_a.- Pusa, Samastipur _b: RAU _c, 1994 |
||
| 300 | _a397p. | ||
| 502 |
_bPh. D. _d1994 |
||
| 650 | _aAgronomy | ||
| 650 | _aWinter Maize | ||
| 650 | _aThesis | ||
| 650 | _aPh. D. | ||
| 942 |
_2ddc _cT |
||
| 999 |
_c50389 _d50389 |
||